Вып. 2 (44): Геологическое строение левобережья р.Томи в районе села Крапивина в Кузнецком бассейне; Материалы по геологии Западной Сибири

書誌詳細
Parent link:Материалы по геологии Западной Сибири=Records of the geology of the West Siberia/ Западно-Сибирское геологическое управление. Вып. 2 (44): Геологическое строение левобережья р.Томи в районе села Крапивина в Кузнецком бассейне.— , 1938-1965
第一著者: Адлер Ю. Ф.
その他の著者: Усов М. А. Михаил Антонович
言語:ロシア語
出版事項: 1938
主題:
フォーマット: MixedMaterials 図書
KOHA link:https://koha.lib.tpu.ru/cgi-bin/koha/opac-detail.pl?biblionumber=203175

MARC

LEADER 00000nam2a2200000 4500
001 203175
005 20231101225132.0
035 |a (RuTPU)RU\TPU\book\221395 
035 |a RU\TPU\book\221390 
090 |a 203175 
100 |a 20111031d1938 k y0rusy50 ca 
101 0 |a rus 
102 |a RU 
105 |a ab z 001zy 
200 0 |a Вып. 2 (44): Геологическое строение левобережья р.Томи в районе села Крапивина в Кузнецком бассейне  |f Ю. Ф. Адлер 
210 |d 1938 
215 |a 28 с.  |c ил., карты 
320 |a Библиогр. в конце ст. 
461 0 |0 (RuTPU)RU\TPU\book\221349  |t Материалы по геологии Западной Сибири  |l Records of the geology of the West Siberia  |f Западно-Сибирское геологическое управление  |v Вып. 2 (44): Геологическое строение левобережья р.Томи в районе села Крапивина в Кузнецком бассейне  |d 1938-1965 
606 1 |a Геология  |y Западная Сибирь  |2 stltpush  |3 (RuTPU)RU\TPU\subj\70290  |9 84644 
610 1 |a девон 
610 1 |a орография 
610 1 |a гидрография 
610 1 |a геоморфология 
610 1 |a каменноугольные отложения 
610 1 |a реки 
610 1 |a Кузнецкий бассейн 
675 |a 55(571.1)  |v 3 
700 1 |a Адлер  |b Ю. Ф. 
702 1 |a Усов  |b М. А.  |c российский геолог  |c профессор Томского технологического института  |f 1883-1939  |g Михаил Антонович  |2 stltpush  |3 (RuTPU)RU\TPU\pers\1941 
801 1 |a RU  |b 63413507  |c 20111025 
801 2 |a RU  |b 63413507  |c 20221114  |g RCR 
942 |c BK